| 000 | 00483nam a2200193Ia 4500 | ||
|---|---|---|---|
| 003 | LK-CoDNM | ||
| 008 | 010623t2007 xxu||||| |||| 00| 1 sin d | ||
| 040 |
_aLK-CoDNM _dLK-CoDNM _eLK-CoDNM |
||
| 041 | _asin | ||
| 080 |
_a37 _bNAW |
||
| 100 | _aNawarathne, M.G.T. | ||
| 245 | _aසංකල්ප සරණිය | ||
| 246 | _aSankalpa saraniya | ||
| 260 |
_bAuthor _aKatubedda _c2007 |
||
| 300 | _b(viii)192, 21 cm | ||
| 650 | _aEducation | ||
| 650 | _aLanguage | ||
| 942 | _cBK | ||
| 999 |
_c127145 _d127145 |
||